000 00348 a2200157 4500
001 148643
040 _cEscola São Tomás de Aquino
100 _aRENNÓ, Regina
240 1 0 _aLápis de cor
_lpor
245 1 0 _aLápis de cor
300 _a23
362 0 _a2010
440 1 _aEditora do Brasil
697 _a*LITERATURA INFANTO
942 _cBK
999 _c148643
_d148643